| 000 | 00987naa a22002657a 4500 | ||
|---|---|---|---|
| 001 | BR7305014 | ||
| 003 | BR-BrBNA | ||
| 005 | 20240918173502.0 | ||
| 007 | ta | ||
| 008 | 230509b bl.||||| |||| 00| 0 por d | ||
| 040 |
_aBR-BrBNA _bpor _cBiblioteca Nacional de Agricultura |
||
| 041 | _a(Pt) | ||
| 072 |
_aP05; E70 _b8961 _bG514 |
||
| 090 | _aP05 BR7305014 | ||
| 100 | 1 | _aWerneck, R.E.F. | |
| 111 | 1 |
_a1. Congresso Nacional de Carburantes _cRio de Janeiro, GB (Brazil) _d21 Nov 1942 |
|
| 245 | 1 | _aProducao e distribuicao do alcool carburante no pais [Brasil] | |
| 260 | 3 |
_aRio de Janeiro, GB (Brasil): _c1944. |
|
| 500 | _aAnais do 1. Congresso Nacional de Carburantes Rio de Janeiro, GB (Brasil): 1944. p. 191-194 (BR7305014-AM)P05 | ||
| 650 | _aALCOOL MOTOR | ||
| 650 | _aABASTECIMENTO | ||
| 773 | 0 |
_tAnais do 1. Congresso Nacional de Carburantes _wP05 BR7305014 _gRio de Janeiro, GB (Brasil), 1944. p. 191-194 |
|
| 909 |
_a202404 _bLucia _c55 _dLucia Elande |
||
| 942 |
_cAM _2AGRIS |
||
| 999 |
_c304920 _d304920 |
||